Top 25 punk rock albums - Statistics

General Stats
  • This quiz has been taken 828 times
  • The average score is 8 of 26
Answer Stats
Rank Year Artist Answer % Correct
1 1979 The Clash London Calling
95%
6 1976 Ramones Ramones
66%
5 1977 The Clash The Clash
63%
9 1977 Ramones Rocket to Russia
54%
2 1977 Television Marquee Moon
49%
26 1977 Sex Pistols Never Mind the Bollocks Here's the Sex Pistols
45%
4 1977 Wire Pink Flag
43%
7 1980 Dead Kennedys Fresh Fruit for Rotting Vegetables
38%
22 1977 Talking Heads Talking Heads: 77
35%
16 1983 Violent Femmes Violent Femmes
32%
23 1977 Suicide Suicide
31%
3 1979 Talking Heads Fear of Music
28%
20 1990 Fugazi Repeater
28%
12 1984 Hüsker Dü Zen Arcade
28%
14 1978 Talking Heads More Songs About Buildings and Food
23%
10 1984 Minutemen Double Nickels on the Dime
22%
8 1978 Wire Chairs Missing
19%
24 1977 Ramones Leave Home
18%
17 1998 Refused The Shape of Punk to Come
17%
15 1979 Wire 154
13%
25 2001 Fugazi The Argument
13%
19 2001 Converge Jane Doe
12%
11 2000 At the Drive-In Relationship of Command
12%
18 1978 Pere Ubu The Modern Dance
10%
13 1981 Wipers Youth of America
8%
21 2001 Unwound Leaves Turn Inside You
6%
No matching quizzes found
Score Distribution
Percent of People with Each Score
Percentile by Number Answered
Your Score History
You have not taken this quiz